Kinetic solvent isotope effect on the redox reaction of U(IV) ions with ferricyanide ions

Bibliographic Details
Main Authors: Adamčíková, Ľubica, 1940- (Author), Treindl, Ľudovít, 1930-2021 (Author)
Format: Article
Language:English

MARC

LEADER 00000nab a2200000uu 4500
001 vtls010876638
003 SK-MaSNL
005 20260303173812.0
008 230303|1973 xo |||||||||||||||||eng|
015 |a SNBRB 
035 |a (urnnbn)urn:nbn:sk:snk:ar-006afl 
035 |a (uuid)76e6418f-5641-40be-8707-cd3edd5d47be 
035 |a urn:nbn:sk:snk-ab7q8a 
040 |a SNKBUCL  |b slo  |c SNKBUCL  |e AACR2 
041 0 |a eng 
044 |a xo  |c SK 
100 1 |a Adamčíková, Ľubica,  |d 1940-  |4 aut  |9 220574 
245 1 0 |a Kinetic solvent isotope effect on the redox reaction of U(IV) ions with ferricyanide ions  |c Ľ. Adamčíková, Ľ. Treindl 
700 1 |a Treindl, Ľudovít,  |d 1930-2021  |4 aut  |9 39743 
773 0 |t Chemické zvesti  |g Roč. 27, č. 4 (1973), s. 433-436 
954 |a odborná, vedecká literatúra pôvodná (slovenská)  |2 lita 
958 |a EUIPO 
958 |a OND 
958 |a article8 
999 |c 2093955  |d 2095885